[Event "DEN-chB"]
[Site "Horsens"]
[Date "2003.04.17"]
[Round "3"]
[White "Bindzus, Niels"]
[Black "Andersen, Per Skjoldager"]
[Result "1/2-1/2"]
[WhiteElo "2013"]
[BlackElo "2213"]
[PlyCount "98"]
[EventDate "2003.04.15"]
[EventType "swiss"]
[EventRounds "7"]
[EventCountry "DEN"]
[SourceTitle "EXT 2005"]
[Source "ChessBase"]
[SourceDate "2004.11.15"]
[SourceVersion "1"]
[SourceVersionDate "2004.11.15"]
[SourceQuality "1"]

1. e4 c6 2. d4 d5 3. exd5 cxd5 4. c4 Nf6 5. Nc3 g6 6. Qb3 Bg7 7. cxd5 0-0 8. Nge2 Nbd7 9. g3 Nb6 10. Bg2 Qd7 11. a4 Rd8 12. Nf4 Qc7 13. 0-0 Qc4 14. Qxc4 Nxc4 15. Re1 Kf8 16. b3 Nd6 17. Ba3 Nfe8 18. Nb5 Bf6 19. Nxd6 Nxd6 20. Bb2 Bf5 21. Rac1 Rac8 22. h4 h6 23. Bf3 Rc2 24. Rxc2 Bxc2 25. Bd1 Rc8 26. Ba1 Nf5 27. Bxc2 Rxc2 28. Rd1 Nd6 29. Re1 Ne4 30. Rxe4 Rc1+ 31. Kg2 Rxa1 32. Nd3 Rd1 33. Ne5 Bxe5 34. dxe5 Rxd5 35. Rc4 Ke8 36. Rc7 Rd7 37. Rc8+ Rd8 38. Rc7 Rb8 39. Kf3 Kd8 40. Rc5 Kd7 41. Ke4 b6 42. Rc4 b5 43. axb5 Rxb5 44. b4 Rb6 45. Kd5 Rb5+ 46. Ke4 a5 47. bxa5 Rxa5 48. Rb4 Ra6 49. g4 Ra2 1/2-1/2